000 00953nam a2200265 a 4500
001 BRL_393
005 20190320210724.0
008 060813s1978----mx-abe####---#000-0#spa-#
041 _aspa
044 _amx
050 4 _aF1219
_b.C66 6 1978
245 1 0 _aComunicaciones VI / 1978, suplemento
_bProyecto Puebla Tlaxcala.
260 _aPuebla, México
_bFundación Alemana para la Investigación Científica
_c1978
300 _a95 p.
_bil., mapas
_c28 cm.
500 _aAu407
504 _aBibliografía: p. 75-80
505 0 _aLos suelos de la Cuenca Alta de Puebla-Tlaxcala y sus alrededores : (comentarios a un mapa de suelos), con 4 mapas / por Gerd Werner...[et al.]
650 1 4 _aIndígenas de México
_xAntigüedades
_9509
650 1 4 _aGeología
_zMéxico
_95672
651 4 _aMéxico
_xAntigüedades
_92765
651 4 _aPuebla (México : Estado)
_923763
651 4 _aTlaxcala (México : Estado)
_923764
902 _aGRL
942 _2lcc
_cB
999 _c9206
_d9206